History Quiz

Random History or Artist Quiz

Renaissance Art (Early, High, Northern, Late, Venetian) Quiz Stats

Quiz not verified by Sporcle

Also try: Which Army?
Challenge
Share
Tweet
Embed
Score 0/49 Timer 10:00
0 Plays Today
Title of Work Artist % Correct
School of Athens???
77.1%
David???
72.9%
Last Supper???
70.8%
Birth of Venus???
68.8%
Vitruvian Man???
68.8%
Sistine Ceiling???
68.8%
David (1446)???
62.5%
Garden of Earthly Delights???
59.6%
Primavera???
58.3%
Creation of Adam???
56.3%
Arnolfini Double Portrait???
47.9%
Dome of Florence Cathedral???
47.9%
Virgin of the Rocks???
47.9%
Tribute Money???
41.7%
Venus of Urbino???
39.6%
Ghent Altarpiece???
35.4%
Trinity???
31.3%
Expulsion from the Garden???
31.3%
Medici Tombs???
31.3%
The Ambassadors???
29.8%
Gates of Paradise???
29.2%
Burial of Count Orgaz???
27.7%
Sacrifice of Issac panel???
27.1%
Self-Portrait???
25.5%
Four Horsemen of the Apocalpyse???
25.5%
Title of Work Artist % Correct
Isenheim Altarpiece???
25.5%
Camera Picta???
25%
Tempietto???
25%
St. Peter's Plan (Latin)???
25%
Feast in the House of Levi???
25%
Pastoral Concert???
22.9%
Last Supper, 1592???
22.9%
Adam and Eve???
21.3%
January and February, Tres Riche Heures du Duc de Berry???
20.8%
Merode Altarpiece???
20.8%
The Tempest???
20.8%
Villa Rotunda (Vicenza)???
19.1%
Four Apostles???
19.1%
Portinari Altarpiece???
18.8%
Delivery of the Keys of St. Peter???
18.8%
Pesaro Madonna???
18.8%
Return of the Hunters???
17%
Deposition (1435)???
16.7%
San Lorenzo???
16.7%
The Small Cowper Madonna???
16.7%
San Giorgio Maggiore (Venice)???
14.9%
St. Peter's Plan (Greek)???
14.6%
Palazzo Medici???
10.4%
Battle of the Nudes???
10.4%

You're not logged in!

Compare scores with friends on all Sporcle quizzes.
Join for Free
OR
Log In

You Might Also Like...

Show Comments

Extras

Top Quizzes Today


Score Distribution

Your Account Isn't Verified!

In order to create a playlist on Sporcle, you need to verify the email address you used during registration. Go to your Sporcle Settings to finish the process.

Report this User

Report this user for behavior that violates our Community Guidelines.

Details: